| 000 | 00000nam 2200000za 4500 |
| 001 | 9.812578 |
| 003 | CaOODSP |
| 005 | 20221107141344 |
| 007 | cr ||||||||||| |
| 008 | 160503s2011 xxc |o f|0| 0 eng d |
| 040 | |aCaOODSP|beng |
| 043 | |an-cn--- |
| 086 | 1 |aR5-111/2011E-PDF |
| 110 | 1 |aCanada. |bAboriginal Affairs and Northern Development Canada. |bAudit and Assurance Services Branch. |
| 245 | 10|aInternal audit report. Management practices audit of the Northern Affairs Organization (headquarters) |h[electronic resource] / |cprepared by Audit and Assurance Services Branch. |
| 260 | |a[Gatineau, Québec] : |bAboriginal Affairs and Northern Development Canada, |c2011. |
| 300 | |aii, 16 p. : |btables. |
| 500 | |aNovember 2011. |
| 500 | |aProject # 11-17. |
| 500 | |aIssued also in French under title: Rapport de vérification interne. Vérification des pratiques de gestion de l’Organisation des affaires du Nord (Administration centrale). |
| 692 | 07|2gccst|aAudit |
| 775 | 08|tRapport de vérification interne. Vérification des pratiques de gestion de l'Organisation des affaires du Nord (Administration centrale) |w(CaOODSP)9.816744 |
| 856 | 40|qPDF|s106 KB|uhttps://publications.gc.ca/collections/collection_2016/aanc-inac/R5-111-2011-eng.pdf |
| 986 | |aCIDM #3878561 |